| 000 | 00474nam a2200181Ia 4500 | ||
|---|---|---|---|
| 999 |
_c29794 _d29794 |
||
| 003 | OSt | ||
| 005 | 20201127130635.0 | ||
| 008 | 190216s9999||||xx |||||||||||||| ||und|| | ||
| 020 | _a9788126426942 | ||
| 040 | _coclc | ||
| 082 |
_a894.8123 _bSET/P |
||
| 100 |
_aSethu _96440 |
||
| 245 | 0 |
_aPennakangal / _cSethu |
|
| 260 |
_bDc Books, _c2010. _a Kottayam: |
||
| 300 | _a390p | ||
| 650 | _aNovel | ||
| 942 |
_cBK _2ddc _h894.8123 _iSET/P _k894.8123 _mSET/P |
||